| 000 | 00535cam a2200205M 4500 | ||
|---|---|---|---|
| 999 |
_c3454 _d3454 |
||
| 001 | ocn960493548 | ||
| 003 | OCoLC | ||
| 005 | 20170829090041.0 | ||
| 008 | 161018s2017 xx 000 0 eng d | ||
| 020 | _a1316639576 | ||
| 020 | _a9781316639573 | ||
| 035 | _a(OCoLC)960493548 | ||
| 040 |
_aYDX _beng _cYDX _dOCLCQ |
||
| 049 | _aTZAA | ||
| 100 | 1 | _aRUTHERFORD, SUSAN. | |
| 245 | 1 | 0 | _aVERDI, OPERA, WOMEN. |
| 260 |
_a[Place of publication not identified] : _bCAMBRIDGE UNIV Press, _c2017. |
||
| 600 | _2on order | ||
| 942 |
_2lcc _cBOOK |
||